[Event "54. Abierto Mexicano de Ajedrez 2009"]
[Site "Santa Ana"]
[Date "2009.04.07"]
[Round "1.2"]
[White "Alvarez Navarro, Martin"]
[Black "Gonzalez Zamora, Juan Carlos"]
[Result "0-1"]
[WhiteElo "2048"]
[BlackElo "2552"]
[PlyCount "60"]
[EventDate "2009.04.07"]
[EventType "swiss"]
[EventRounds "9"]
[EventCountry "MEX"]
[Source "lmi"]
[SourceDate "2009.04.07"]

1. e4 c5 2. d3 Nc6 3. g3 g6 4. Bg2 Bg7 5. c3 e5 6. Ne2 Nge7 7. O-O d6 8. f4 O-O
9. Be3 exf4 10. Nxf4 b5 11. a3 Rb8 12. Nd2 a5 13. Nf3 b4 14. axb4 axb4 15. d4
cxd4 16. cxd4 Bb7 17. d5 Na5 18. Bd4 Bxd4+ 19. Nxd4 Qb6 20. Rf2 Nc4 21. Bh3 Bc8
22. b3 Ne5 23. Nf3 Bg4 24. Bg2 Rbc8 25. h3 Bxf3 26. Bxf3 Rc3 27. Kg2 Rfc8 28.
Raa2 f5 29. Qe2 fxe4 30. Bxe4 Re3 0-1

[Event "54. Abierto Mexicano de Ajedrez 2009"]
[Site "Santa Ana"]
[Date "2009.04.07"]
[Round "1.3"]
[White "Cordova, Emilio"]
[Black "Martinez Sasso, Alvaro Antonio"]
[Result "1-0"]
[WhiteElo "2543"]
[BlackElo "2045"]
[PlyCount "65"]
[EventDate "2009.04.07"]
[EventType "swiss"]
[EventRounds "9"]
[EventCountry "MEX"]
[Source "lmi"]
[SourceDate "2009.04.07"]

1. d4 Nf6 2. Nf3 g6 3. c4 Bg7 4. Nc3 d5 5. Bg5 Ne4 6. cxd5 Nxg5 7. Nxg5 e6 8.
Qd2 h6 9. Nh3 exd5 10. Nf4 O-O 11. e3 Re8 12. Be2 c6 13. O-O Nd7 14. b4 Nf8 15.
Rfc1 Ne6 16. Nxe6 Bxe6 17. Na4 Qd6 18. Nc5 b6 19. Nb3 Rec8 20. a3 f5 21. Rc3 g5
22. Rac1 Bd7 23. Ba6 Rcb8 24. b5 cxb5 25. Rc7 Rd8 26. Qd3 Qe6 27. Bxb5 Bf8 28.
Bxd7 Rxd7 29. R7c6 Qe4 30. Qb5 Bxa3 31. Rg6+ Kh7 32. Qxd7+ Kxg6 33. Rc6+ 1-0

[Event "54. Abierto Mexicano de Ajedrez 2009"]
[Site "Santa Ana"]
[Date "2009.04.07"]
[Round "1.4"]
[White "Rivera, Edwardo"]
[Black "Hernandez Guerrero, Gilberto"]
[Result "0-1"]
[WhiteElo "2045"]
[BlackElo "2543"]
[PlyCount "77"]
[EventDate "2009.04.07"]
[EventType "swiss"]
[EventRounds "9"]
[EventCountry "MEX"]
[Source "lmi"]
[SourceDate "2009.04.07"]

1. e4 c5 2. Nf3 Nc6 3. d4 cxd4 4. Nxd4 Nf6 5. Nc3 d6 6. Bc4 Qb6 7. Nb3 e6 8.
O-O Be7 9. Be3 Qc7 10. Qe2 a6 11. a4 b6 12. f4 O-O 13. Kh1 Re8 14. Rae1 Bb7 15.
Bd3 Nb4 16. Qf2 Ng4 17. Qf3 Nxe3 18. Qxe3 Rac8 19. Nd2 h6 20. Nf3 Qc5 21. Qd2
Red8 22. Rc1 Bf6 23. Nd1 Nxd3 24. Qxd3 Qc4 25. Qxc4 Rxc4 26. b3 Rxe4 27. Nd2
Re2 28. Rf2 Re1+ 29. Rf1 Rxf1+ 30. Nxf1 Rc8 31. Nde3 d5 32. Rd1 b5 33. axb5
axb5 34. Rd2 Bc3 35. Rf2 Ra8 36. h3 Ra1 37. Kh2 d4 38. Ng4 f6 39. Kg1 0-1

[Event "54. Abierto Mexicano de Ajedrez 2009"]
[Site "Santa Ana"]
[Date "2009.04.07"]
[Round "1.5"]
[White "Mitkov, Nikola"]
[Black "Rodriguez Aleman, Eduardo"]
[Result "1-0"]
[WhiteElo "2530"]
[BlackElo "2043"]
[PlyCount "55"]
[EventDate "2009.04.07"]
[EventType "swiss"]
[EventRounds "9"]
[EventCountry "MEX"]
[Source "lmi"]
[SourceDate "2009.04.07"]

1. e4 c5 2. Nc3 Nc6 3. Bb5 g6 4. Bxc6 dxc6 5. d3 e5 6. f4 Bg7 7. Nf3 exf4 8.
Bxf4 Ne7 9. Qd2 Be6 10. O-O O-O 11. Kh1 b6 12. Rae1 Qd7 13. Bh6 Rad8 14. b3 f6
15. Ne2 a5 16. Bxg7 Kxg7 17. Nf4 Bg4 18. e5 Bxf3 19. Rxf3 fxe5 20. Rxe5 Kg8 21.
Qe2 Rde8 22. Qe4 Nd5 23. Nxg6 hxg6 24. Qxg6+ Qg7 25. Rxe8 Qxg6 26. Rfxf8+ Kh7
27. Rh8+ Kg7 28. Rhg8+ 1-0

[Event "54. Abierto Mexicano de Ajedrez 2009"]
[Site "Santa Ana"]
[Date "2009.04.07"]
[Round "1.6"]
[White "Rose Rose, Felix"]
[Black "Leon Hoyos, Manuel"]
[Result "0-1"]
[WhiteElo "2042"]
[BlackElo "2527"]
[PlyCount "62"]
[EventDate "2009.04.07"]
[EventType "swiss"]
[EventRounds "9"]
[EventCountry "MEX"]
[Source "lmi"]
[SourceDate "2009.04.07"]

1. e4 c5 2. Nf3 Nc6 3. d4 cxd4 4. Nxd4 g6 5. Nc3 Bg7 6. Be3 Nf6 7. Bc4 O-O 8.
Bb3 a5 9. O-O d6 10. h3 Bd7 11. Kh1 Nxd4 12. Bxd4 Bc6 13. a4 e5 14. Be3 Nxe4
15. Nxe4 Bxe4 16. Bd5 Bf5 17. c3 Qe7 18. Qb3 Bc8 19. Rfd1 Kh8 20. Rd2 f5 21.
Rad1 g5 22. Bc4 f4 23. Bb6 Rf6 24. Bf1 g4 25. Qa3 Bf8 26. Rd5 gxh3 27. gxh3 Bd7
28. Rxa5 Rxa5 29. Bxa5 Bc6+ 30. Kh2 Rg6 31. c4 Qg5 0-1

[Event "54. Abierto Mexicano de Ajedrez 2009"]
[Site "Santa Ana"]
[Date "2009.04.07"]
[Round "1.7"]
[White "Perez Rodriguez, Luis Manuel"]
[Black "Salazar Sanchez, Jose Fermin"]
[Result "1-0"]
[WhiteElo "2521"]
[BlackElo "2042"]
[PlyCount "69"]
[EventDate "2009.04.07"]
[EventType "swiss"]
[EventRounds "9"]
[EventCountry "MEX"]
[Source "lmi"]
[SourceDate "2009.04.07"]

1. e4 c5 2. Nf3 Nc6 3. Nc3 d6 4. d4 cxd4 5. Nxd4 Nf6 6. Bc4 e6 7. Be3 a6 8. Qe2
Be7 9. Rg1 Qc7 10. Bb3 Na5 11. g4 Nxb3 12. axb3 Rb8 13. g5 Nd7 14. f4 b5 15. f5
Ne5 16. Qh5 g6 17. Qh3 exf5 18. exf5 Bb7 19. fxg6 Nxg6 20. O-O-O Rc8 21. Rd2 b4
22. Na4 Be4 23. Rg4 d5 24. Rxe4 dxe4 25. Nf5 h5 26. gxh6 Rh7 27. Qg4 Qc6 28. h4
Kf8 29. h5 Ne5 30. Qg7+ Rxg7 31. hxg7+ Kg8 32. Nxe7+ Kxg7 33. Nxc6 Rxc6 34. Bd4
Re6 35. Nc5 1-0

[Event "54. Abierto Mexicano de Ajedrez 2009"]
[Site "Santa Ana"]
[Date "2009.04.07"]
[Round "1.8"]
[White "Cortes Rodriguez, Marco"]
[Black "Zapata, Alonso"]
[Result "1/2-1/2"]
[WhiteElo "2036"]
[BlackElo "2514"]
[PlyCount "59"]
[EventDate "2009.04.07"]
[EventType "swiss"]
[EventRounds "9"]
[EventCountry "MEX"]
[Source "lmi"]
[SourceDate "2009.04.07"]

1. Nf3 Nf6 2. g3 g6 3. Bg2 Bg7 4. O-O O-O 5. d4 c5 6. d5 d6 7. c4 e6 8. Nc3
exd5 9. cxd5 Re8 10. Nd2 a6 11. a4 Nbd7 12. Nc4 Nb6 13. Na3 Bd7 14. a5 Nc8 15.
Nc4 Bb5 16. Qb3 Na7 17. h3 Bxc4 18. Qxc4 Nd7 19. e4 Ne5 20. Qe2 c4 21. Be3 Nb5
22. Bb6 Qe7 23. Qc2 Nd3 24. Na4 Rac8 25. Rab1 Nd4 26. Qd1 Nb3 27. Be3 Nxa5 28.
Nb6 Rc7 29. b4 Nb2 30. Rxb2 1/2-1/2

[Event "54. Abierto Mexicano de Ajedrez 2009"]
[Site "Santa Ana"]
[Date "2009.04.08"]
[Round "2.2"]
[White "Gonzalez Zamora, Juan Carlos"]
[Black "Carreto Nieto, Geovanni"]
[Result "1-0"]
[WhiteElo "2552"]
[BlackElo "2212"]
[PlyCount "61"]
[EventDate "2009.04.07"]
[EventType "swiss"]
[EventRounds "9"]
[EventCountry "MEX"]
[Source "lmi"]
[SourceDate "2009.04.07"]

1. d4 Nf6 2. c4 c5 3. d5 b5 4. Nf3 d6 5. Qc2 Nbd7 6. e4 b4 7. a3 b3 8. Qd3 Rb8
9. Be2 Qa5+ 10. Bd2 Qc7 11. Bc3 g6 12. Nbd2 Bg7 13. Bd1 O-O 14. O-O Bh6 15.
Nxb3 Nh5 16. Na5 Bb7 17. Nxb7 Rxb7 18. Re1 Nf4 19. Qc2 f6 20. g3 Nh5 21. Nh4
Ng7 22. f4 e5 23. dxe6 Nxe6 24. Qd3 Rf7 25. Bg4 Nef8 26. Rad1 Nb6 27. b3 Nc8
28. Rb1 Ne7 29. Ng2 Qb8 30. b4 Bg7 31. Ne3 1-0

[Event "54. Abierto Mexicano de Ajedrez 2009"]
[Site "Santa Ana"]
[Date "2009.04.08"]
[Round "2.4"]
[White "Hernandez Guerrero, Gilberto"]
[Black "Floresvillar Gonzalez, Luis Migu"]
[Result "1-0"]
[WhiteElo "2543"]
[BlackElo "2208"]
[PlyCount "63"]
[EventDate "2009.04.07"]
[EventType "swiss"]
[EventRounds "9"]
[EventCountry "MEX"]
[Source "lmi"]
[SourceDate "2009.04.07"]

1. e4 c6 2. d4 d6 3. f4 Nf6 4. Bd3 g6 5. Nf3 Bg7 6. O-O Qc7 7. Nc3 b5 8. e5 Ng4
9. Qe2 d5 10. h3 Nh6 11. g4 e6 12. Be3 Nd7 13. Bxb5 Rb8 14. Bd3 Rxb2 15. Qd2
Ng8 16. f5 gxf5 17. gxf5 Nxe5 18. Nxe5 Bxe5 19. dxe5 Qxe5 20. Ne2 Ne7 21. Bd4
Rg8+ 22. Kh1 Qb8 23. Bxb2 Qxb2 24. Rg1 exf5 25. Rxg8+ Nxg8 26. Qe3+ Be6 27. Rg1
Ne7 28. Qxa7 f4 29. Nxf4 Qf6 30. Qb8+ Bc8 31. Ba6 Qf5 32. Bxc8 1-0

[Event "54. Abierto Mexicano de Ajedrez 2009"]
[Site "Santa Ana"]
[Date "2009.04.08"]
[Round "2.5"]
[White "Palma Almendra, Jose Amado"]
[Black "Mitkov, Nikola"]
[Result "0-1"]
[WhiteElo "2192"]
[BlackElo "2530"]
[PlyCount "80"]
[EventDate "2009.04.07"]
[EventType "swiss"]
[EventRounds "9"]
[EventCountry "MEX"]
[Source "lmi"]
[SourceDate "2009.04.07"]

1. e4 e5 2. Nc3 Bc5 3. g3 d6 4. Bg2 Nc6 5. Nge2 f5 6. d3 Nf6 7. Na4 Bb6 8. O-O
O-O 9. Nxb6 axb6 10. f4 fxe4 11. dxe4 exf4 12. Nxf4 Bg4 13. Qd3 Qd7 14. Bd2 Ne5
15. Qb3+ Kh8 16. Rf2 Rfe8 17. Raf1 Be6 18. Nxe6 Qxe6 19. Qxe6 Rxe6 20. a3 Kg8
21. Bc3 Nfg4 22. Bh3 Re7 23. Bxg4 Nxg4 24. Re2 Rae8 25. h3 Nh6 26. Rfe1 Nf7 27.
Kf2 Ng5 28. e5 d5 29. h4 Ne4+ 30. Rxe4 dxe4 31. Ke3 Kf7 32. Kxe4 Ke6 33. h5 Rf7
34. h6 gxh6 35. Rh1 Rg8 36. Rxh6+ Rg6 37. Rh3 Rg4+ 38. Ke3 Kd5 39. b3 b5 40.
Ke2 Re4+ 0-1

[Event "54. Abierto Mexicano de Ajedrez 2009"]
[Site "Santa Ana"]
[Date "2009.04.08"]
[Round "2.6"]
[White "Leon Hoyos, Manuel"]
[Black "Hernandez Guerrero, Yadira"]
[Result "1-0"]
[WhiteElo "2527"]
[BlackElo "2205"]
[PlyCount "79"]
[EventDate "2009.04.07"]
[EventType "swiss"]
[EventRounds "9"]
[EventCountry "MEX"]
[Source "lmi"]
[SourceDate "2009.04.07"]

1. e4 c5 2. Nf3 e6 3. d4 cxd4 4. Nxd4 a6 5. Nc3 Qc7 6. f4 Nc6 7. Nxc6 Qxc6 8.
Bd3 b5 9. Qe2 Bb7 10. Bd2 Be7 11. a3 Rc8 12. O-O-O Nf6 13. g4 b4 14. axb4 Bxb4
15. g5 Bxc3 16. Bxc3 Nxe4 17. Bxg7 Rg8 18. Be5 Qa4 19. b3 Qb4 20. Qe1 a5 21.
Qxb4 axb4 22. Rhe1 Nf2 23. Rd2 Nxd3+ 24. Rxd3 Rg6 25. Rh3 Bd5 26. Rxh7 Ke7 27.
Kb2 d6 28. Bd4 e5 29. h4 Kd7 30. fxe5 dxe5 31. Rxe5 Kd6 32. Rh6 Rxh6 33. gxh6
f6 34. Re2 Rh8 35. Rf2 Rxh6 36. Rxf6+ Rxf6 37. Bxf6 Ke6 38. Bd8 Kf5 39. Be7 Kg4
40. c3 1-0

[Event "54. Abierto Mexicano de Ajedrez 2009"]
[Site "Santa Ana"]
[Date "2009.04.08"]
[Round "2.7"]
[White "Fandino Reyes, Roquelina"]
[Black "Perez Rodriguez, Luis Manuel"]
[Result "0-1"]
[WhiteElo "2185"]
[BlackElo "2521"]
[PlyCount "108"]
[EventDate "2009.04.07"]
[EventType "swiss"]
[EventRounds "9"]
[EventCountry "MEX"]
[Source "lmi"]
[SourceDate "2009.04.07"]

1. e4 e5 2. Nf3 Nc6 3. Bb5 a6 4. Ba4 Nf6 5. O-O b5 6. Bb3 Be7 7. d3 O-O 8. a4
Bb7 9. axb5 axb5 10. Rxa8 Bxa8 11. Nc3 b4 12. Nd5 Na5 13. Nxf6+ Bxf6 14. Ba2 d5
15. exd5 b3 16. cxb3 Qxd5 17. Qc2 Rd8 18. Qxc7 Nc6 19. Be3 Qxd3 20. b4 Qg6 21.
Bb1 Qg4 22. h3 Qxb4 23. Bg5 Qe7 24. Qxe7 Nxe7 25. Bxf6 gxf6 26. Ne1 Rb8 27. Nd3
e4 28. Nc5 f5 29. b3 Nd5 30. Re1 Nf4 31. Kh2 Rb5 32. Rc1 Kg7 33. Rc3 Ne2 34.
Rc2 Nd4 35. Rc4 Nxb3 36. Nxb3 Rxb3 37. Bc2 Ra3 38. Rc5 Kf6 39. Bd1 Rd3 40. Ba4
Rd2 41. Bc6 Bxc6 42. Rxc6+ Ke5 43. Kg1 Rd1+ 44. Kh2 f4 45. Rc8 Rf1 46. f3 e3
47. Rd8 f5 48. h4 Ra1 49. h5 Kf6 50. Re8 Kg5 51. Re5 h6 52. g4 Kh4 53. gxf5
Ra2+ 54. Kg1 Kg3 0-1

[Event "54. Abierto Mexicano de Ajedrez 2009"]
[Site "Santa Ana"]
[Date "2009.04.08"]
[Round "2.8"]
[White "Batres, Francisco"]
[Black "Escobar Forero, Alder"]
[Result "1/2-1/2"]
[WhiteElo "2173"]
[BlackElo "2495"]
[PlyCount "75"]
[EventDate "2009.04.07"]
[EventType "swiss"]
[EventRounds "9"]
[EventCountry "MEX"]
[Source "lmi"]
[SourceDate "2009.04.07"]

1. e4 c5 2. Nf3 Nc6 3. Bb5 d6 4. O-O Bd7 5. Re1 Nf6 6. d4 cxd4 7. Nxd4 e6 8.
Nc3 Be7 9. Bf1 O-O 10. Ndb5 Ne8 11. a4 a6 12. Na3 Qc7 13. Be3 Na5 14. Bd4 Rc8
15. f4 Nf6 16. Kh1 e5 17. Nd5 Nxd5 18. exd5 Bh4 19. fxe5 Bxe1 20. Qxe1 Rfe8 21.
Qf2 dxe5 22. Bb6 Qd6 23. Bxa5 Qxd5 24. Bb6 Bxa4 25. b3 Bc6 26. Nc4 Bb5 27. Ne3
Qc6 28. Nc4 Re6 29. Ba5 Rce8 30. Re1 Rf6 31. Qd2 b6 32. Bb4 Rf4 33. Kg1 Rd4 34.
Qe3 Bxc4 35. bxc4 f6 36. Bc3 Rd7 37. c5 bxc5 38. Bc4+ 1/2-1/2

[Event "54. Abierto Mexicano de Ajedrez 2009"]
[Site "Santa Ana"]
[Date "2009.04.09"]
[Round "3.2"]
[White "Ordaz Valdes, Lisandra"]
[Black "Gonzalez Zamora, Juan Carlos"]
[Result "0-1"]
[WhiteElo "2306"]
[BlackElo "2552"]
[PlyCount "132"]
[EventDate "2009.04.07"]
[EventType "swiss"]
[EventRounds "9"]
[EventCountry "MEX"]
[Source "lmi"]
[SourceDate "2009.04.07"]

1. d4 c5 2. e3 Nf6 3. Nf3 g6 4. c4 Bg7 5. Nc3 O-O 6. Be2 cxd4 7. Nxd4 Nc6 8.
O-O d6 9. b3 Bd7 10. Bb2 Qa5 11. Bf3 Rfc8 12. Qd2 Rab8 13. Rfd1 a6 14. Nd5 Qxd2
15. Rxd2 Nxd5 16. Bxd5 Nb4 17. Be4 f5 18. Bf3 b5 19. cxb5 axb5 20. a3 Nc2 21.
Rb1 Nxd4 22. exd4 Rc7 23. Re2 e6 24. h3 Rbc8 25. Rbe1 Bh6 26. Kh2 Kf7 27. a4
bxa4 28. bxa4 Ra7 29. Ba3 Bf4+ 30. g3 Rxa4 31. gxf4 Rxa3 32. Kg2 Kf6 33. d5 Re8
34. dxe6 Rxe6 35. Re3 Ra5 36. Rd1 Ke7 37. Red3 Rc5 38. Ra1 Rc7 39. Ra8 Bb5 40.
Rb3 Bc4 41. Rbb8 d5 42. Rd8 Rd6 43. Rh8 Kf6 44. Raf8+ Kg7 45. Rhg8+ Kh6 46. Rd8
Rdd7 47. Rxd7 Rxd7 48. Rc8 Bd3 49. Bd1 d4 50. Kg3 Be4 51. f3 Bb7 52. Rc2 Kg7
53. Be2 Kf6 54. Rd2 Ke7 55. Kf2 Kd8 56. Ke1 Kc7 57. Rc2+ Kd6 58. Kd2 Re7 59.
Rb2 Bc6 60. Rb4 Kd5 61. Rb3 Kc5 62. Ra3 Kb4 63. Ra1 Re3 64. Rb1+ Kc5 65. Rc1+
Kd6 66. Bf1 Bxf3 0-1

[Event "54. Abierto Mexicano de Ajedrez 2009"]
[Site "Santa Ana"]
[Date "2009.04.09"]
[Round "3.3"]
[White "Cordova, Emilio"]
[Black "Della Morte, Pablo"]
[Result "1-0"]
[WhiteElo "2543"]
[BlackElo "2292"]
[PlyCount "183"]
[EventDate "2009.04.07"]
[EventType "swiss"]
[EventRounds "9"]
[EventCountry "MEX"]
[Source "lmi"]
[SourceDate "2009.04.07"]

1. d4 Nf6 2. Nf3 g6 3. c4 Bg7 4. Nc3 O-O 5. Bf4 d6 6. e3 Nbd7 7. h3 b6 8. Be2
Bb7 9. Qc2 e5 10. Bh2 exd4 11. exd4 Re8 12. O-O Ne4 13. Nd5 Ndf6 14. Nb4 Nh5
15. Rfe1 Ng5 16. d5 a5 17. Nd3 Ne4 18. Rad1 Qd7 19. Nde5 dxe5 20. Qxe4 Qd6 21.
Qc2 Nf4 22. Bf1 h6 23. Qc1 g5 24. Qc2 Rf8 25. g3 Ng6 26. Bd3 Bc8 27. g4 Nf4 28.
Bxf4 exf4 29. Rd2 Bd7 30. Bh7+ Kh8 31. Bf5 Rae8 32. Rde2 Rxe2 33. Rxe2 Re8 34.
Rd2 Kg8 35. b3 Bxf5 36. Qxf5 Qf6 37. Qxf6 Bxf6 38. d6 cxd6 39. Rxd6 Re6 40.
Rxe6 fxe6 41. Kf1 Kf7 42. Ke2 Ke7 43. Kd3 Kd6 44. Nd4 Bg7 45. f3 Bh8 46. a3 Bg7
47. b4 axb4 48. axb4 Ke5 49. Nb5 Bf8 50. Kc3 Be7 51. Na7 Bd6 52. Nc6+ Kf6 53.
Kd4 Bf8 54. c5 bxc5+ 55. bxc5 e5+ 56. Nxe5 Bxc5+ 57. Kd5 Ba3 58. Nc4 Bb4 59.
Nb2 Ba3 60. Nd3 Bf8 61. Nf2 Ba3 62. Ne4+ Kg6 63. Ke6 Bb4 64. Nf2 Bc3 65. Nd3
Bd4 66. Nb4 Bb2 67. Nd5 Bc1 68. Ne7+ Kg7 69. Kf5 Ba3 70. Ng6 Bb2 71. h4 Bf6 72.
hxg5 hxg5 73. Nf8 Be7 74. Ne6+ Kh6 75. Nd4 Bc5 76. Nc6 Bd6 77. Nd8 Be7 78. Nf7+
Kg7 79. Nxg5 Bd6 80. Ne6+ Kf7 81. Nxf4 Ba3 82. Ne6 Bb2 83. f4 Bc3 84. Ng5+ Kg7
85. Ne4 Bb2 86. Ke6 Ba3 87. f5 Bb4 88. g5 Ba3 89. Ng3 Bc1 90. Nh5+ Kh7 91. g6+
Kg8 92. f6 1-0

[Event "54. Abierto Mexicano de Ajedrez 2009"]
[Site "Santa Ana"]
[Date "2009.04.09"]
[Round "3.4"]
[White "Arribas Robaina, Maritza"]
[Black "Hernandez Guerrero, Gilberto"]
[Result "1/2-1/2"]
[WhiteElo "2303"]
[BlackElo "2543"]
[PlyCount "74"]
[EventDate "2009.04.07"]
[EventType "swiss"]
[EventRounds "9"]
[EventCountry "MEX"]
[Source "lmi"]
[SourceDate "2009.04.07"]

1. e4 c5 2. Nf3 e6 3. c3 Nf6 4. e5 Nd5 5. d4 cxd4 6. cxd4 d6 7. Bd3 Nb4 8. Bb5+
Bd7 9. Be2 Bc6 10. O-O Nd7 11. Nc3 Be7 12. Bf4 Nb6 13. Nb5 dxe5 14. dxe5 O-O
15. a3 Qxd1 16. Raxd1 N4d5 17. Bc1 Rfd8 18. Bd3 a6 19. Nbd4 Ba4 20. b3 Be8 21.
Bb2 a5 22. g3 Nd7 23. Rc1 Nc5 24. Bc4 Rab8 25. Rfd1 b5 26. Bf1 h6 27. h4 b4 28.
a4 Ne4 29. Nc6 Bxc6 30. Rxc6 Ndc3 31. Rxd8+ Rxd8 32. Bxc3 bxc3 33. Rc4 Rd1 34.
Kg2 f5 35. exf6 Bxf6 36. Be2 Ra1 37. Bd3 Nd2 1/2-1/2

[Event "54. Abierto Mexicano de Ajedrez 2009"]
[Site "Santa Ana"]
[Date "2009.04.09"]
[Round "3.6"]
[White "Hernandez Andres, Gustavo"]
[Black "Leon Hoyos, Manuel"]
[Result "0-1"]
[WhiteElo "2287"]
[BlackElo "2527"]
[PlyCount "52"]
[EventDate "2009.04.07"]
[EventType "swiss"]
[EventRounds "9"]
[EventCountry "MEX"]
[Source "lmi"]
[SourceDate "2009.04.07"]

1. e4 c5 2. Nc3 Nc6 3. Bb5 Nd4 4. Nf3 Nxb5 5. Nxb5 d6 6. d4 Nf6 7. Nc3 cxd4 8.
Qxd4 Bg4 9. h3 Bxf3 10. gxf3 g6 11. Bg5 Bg7 12. Nd5 O-O 13. Bxf6 exf6 14. O-O-O
f5 15. Qd3 fxe4 16. fxe4 Qh4 17. f3 Rac8 18. Kb1 Kh8 19. Ne3 Qf6 20. c3 Qxf3
21. Rdf1 Qh5 22. Qxd6 Rfd8 23. Qf4 Qe2 24. Rf2 Qd3+ 25. Nc2 Rc4 26. Re1 Rxe4
0-1

[Event "54. Abierto Mexicano de Ajedrez 2009"]
[Site "Santa Ana"]
[Date "2009.04.09"]
[Round "3.7"]
[White "Perez Rodriguez, Luis Manuel"]
[Black "Vigoa Apecheche, Yanira"]
[Result "1-0"]
[WhiteElo "2521"]
[BlackElo "2257"]
[PlyCount "123"]
[EventDate "2009.04.07"]
[EventType "swiss"]
[EventRounds "9"]
[EventCountry "MEX"]
[Source "lmi"]
[SourceDate "2009.04.07"]

1. e4 c5 2. Nf3 Nc6 3. Nc3 e5 4. Bc4 d6 5. d3 Be7 6. O-O Nf6 7. Ng5 O-O 8. f4
Bg4 9. Qe1 h6 10. Nf3 Bxf3 11. gxf3 Nh5 12. f5 Bh4 13. Qe2 Bg5 14. Kh1 Bf4 15.
Nd5 Kh7 16. Qg2 Qh4 17. Kg1 Qg5 18. Nxf4 exf4 19. Qxg5 hxg5 20. Kf2 g6 21. Rg1
Kh6 22. fxg6 Kxg6 23. Bd2 f6 24. Rg2 a6 25. Rag1 Ne5 26. Bd5 Rae8 27. a4 Re7
28. a5 Nc6 29. Rb1 Rc8 30. Ra1 Nb4 31. Bxb4 cxb4 32. Bc4 Rc5 33. Ra4 f5 34.
Rxb4 Nf6 35. d4 Rxc4 36. exf5+ Kxf5 37. Rxc4 g4 38. Rc8 gxf3 39. Rg1 Ng4+ 40.
Rxg4 Kxg4 41. Rg8+ Kf5 42. Kxf3 Re3+ 43. Kf2 Rh3 44. Kg2 Re3 45. Rg7 Re2+ 46.
Kf3 Rxh2 47. Rf7+ Ke6 48. Rxb7 Rxc2 49. Kxf4 Kd5 50. Ke3 Rh2 51. Rb6 Rh3+ 52.
Kd2 Kxd4 53. Rxd6+ Kc5 54. Rb6 Rh2+ 55. Kc3 Rh3+ 56. Kc2 Rh2+ 57. Kb3 Rh3+ 58.
Ka4 Rh2 59. b4+ Kc4 60. Rc6+ Kd5 61. Rxa6 Ra2+ 62. Kb5 1-0

[Event "54. Abierto Mexicano de Ajedrez 2009"]
[Site "Santa Ana"]
[Date "2009.04.09"]
[Round "3.8"]
[White "De La Paz Perdomo, Frank"]
[Black "Fleitas Marti, Yuleikis"]
[Result "1/2-1/2"]
[WhiteElo "2491"]
[BlackElo "2228"]
[PlyCount "182"]
[EventDate "2009.04.07"]
[EventType "swiss"]
[EventRounds "9"]
[EventCountry "MEX"]
[Source "lmi"]
[SourceDate "2009.04.07"]

1. e4 c5 2. Nf3 Nc6 3. Bb5 d6 4. c3 Bd7 5. d4 e5 6. O-O Nf6 7. Re1 Qc7 8. Bg5
Be7 9. Nbd2 O-O 10. dxc5 dxc5 11. Nc4 Rfe8 12. Ne3 Rad8 13. Bxf6 Bxf6 14. Nd5
Qd6 15. Qe2 Ne7 16. Rad1 Nxd5 17. Rxd5 Qe6 18. Red1 Bxb5 19. Qxb5 b6 20. a3 g6
21. b4 cxb4 22. axb4 Rc8 23. Qd3 Kg7 24. c4 Qc6 25. c5 bxc5 26. bxc5 a5 27. Ra1
Ra8 28. Qc4 Qa6 29. Qc3 Qb5 30. c6 Qb4 31. Qc2 a4 32. Rb1 Qe7 33. Ra1 Qb4 34.
h4 a3 35. Ra2 Qa4 36. Rc5 Qxc2 37. Rcxc2 Rec8 38. g4 Ra5 39. g5 Be7 40. Rc3 Bd6
41. Rc1 Ra6 42. Rac2 a2 43. Ra1 Rcxc6 44. Raxa2 Rxa2 45. Rxc6 Bb8 46. Nh2 h5
47. Nf1 Ba7 48. Rf6 Rb2 49. Kg2 Bd4 50. Rf3 Re2 51. Ng3 Rc2 52. Kf1 Rc1+ 53.
Ke2 Rc2+ 54. Ke1 Ra2 55. Nf1 Rc2 56. Ng3 Ra2 57. Kf1 Ra1+ 58. Kg2 Ra2 59. Rf6
Rc2 60. Nh1 Rb2 61. Rc6 Ra2 62. Rc1 Ra1 63. Rc2 Rb1 64. Rd2 Rb2 65. Rd1 Ra2 66.
Re1 Ra1 67. Re2 Rb1 68. Rd2 Rb2 69. Rd1 Ra2 70. Re1 Ra1 71. Re2 Rb1 72. Ng3 Rb2
73. Rxb2 Bxb2 74. Nf1 Bc1 75. Nh2 f6 76. gxf6+ Kxf6 77. Nf3 Bf4 78. Ne1 g5 79.
Nd3 gxh4 80. Nxf4 exf4 81. Kh3 f3 82. Kxh4 Ke5 83. Kxh5 Kxe4 84. Kg4 Ke5 85.
Kxf3 Kf5 86. Kg3 Kg5 87. f4+ Kf5 88. Kf3 Kf6 89. Ke4 Ke6 90. Ke3 Kf5 91. Kf3
Kf6 1/2-1/2

[Event "54. Abierto Mexicano de Ajedrez 2009"]
[Site "Santa Ana"]
[Date "2009.04.09"]
[Round "4.2"]
[White "Gonzalez Zamora, Juan Carlos"]
[Black "Perez Rodriguez, Luis Manuel"]
[Result "1-0"]
[WhiteElo "2552"]
[BlackElo "2521"]
[PlyCount "63"]
[EventDate "2009.04.07"]
[EventType "swiss"]
[EventRounds "9"]
[EventCountry "MEX"]
[Source "lmi"]
[SourceDate "2009.04.07"]

1. d4 d5 2. Nf3 Nf6 3. c4 c6 4. e3 Bg4 5. h3 Bxf3 6. Qxf3 e6 7. Bd3 Bb4+ 8. Nc3
Nbd7 9. Bd2 O-O 10. a3 Ba5 11. O-O e5 12. cxd5 cxd5 13. Bc2 Re8 14. b4 Bb6 15.
Nxd5 exd4 16. Nxb6 Nxb6 17. exd4 Qxd4 18. Rad1 Qd5 19. Qxd5 Nbxd5 20. Bb3 Rad8
21. Bg5 h6 22. Rxd5 Rxd5 23. Bxf6 Rd3 24. Ba4 Rc8 25. Bb2 a6 26. Rd1 Rxd1+ 27.
Bxd1 Rd8 28. Bf3 Rd2 29. Be5 f6 30. Bc7 Kf7 31. Bb6 Rd7 32. a4 1-0

[Event "54. Abierto Mexicano de Ajedrez 2009"]
[Site "Santa Ana"]
[Date "2009.04.09"]
[Round "4.3"]
[White "Borges Mateos, Juan"]
[Black "Cordova, Emilio"]
[Result "1-0"]
[WhiteElo "2459"]
[BlackElo "2543"]
[PlyCount "159"]
[EventDate "2009.04.07"]
[EventType "swiss"]
[EventRounds "9"]
[EventCountry "MEX"]
[Source "lmi"]
[SourceDate "2009.04.07"]

1. Nf3 Nf6 2. c4 c5 3. g3 b6 4. Bg2 Bb7 5. O-O e6 6. Nc3 d6 7. d4 cxd4 8. Qxd4
a6 9. e4 Nbd7 10. Qe3 Rc8 11. b3 Be7 12. Nd4 O-O 13. Bb2 Qc7 14. Rad1 Rfe8 15.
h3 Bf8 16. Qd2 Qb8 17. Rfe1 Nc5 18. Re2 Red8 19. Qe1 Ncd7 20. Kh2 Re8 21. Ba3
Nc5 22. Bb2 Rc7 23. f4 g6 24. e5 Bxg2 25. Rxg2 dxe5 26. fxe5 Nfd7 27. Nf3 Qa8
28. Qe3 Bh6 29. Qxh6 Qxf3 30. Qf4 Qxf4 31. gxf4 Nb8 32. Rgd2 Nc6 33. Ba3 Ne7
34. Rd6 Rb8 35. Bxc5 Rxc5 36. Ne4 Rcc8 37. Nf6+ Kg7 38. Nd7 Rb7 39. Rxb6 Ra7
40. Nf6 a5 41. Rbd6 a4 42. Rd7 Rxd7 43. Rxd7 Nf5 44. Ne4 axb3 45. axb3 Rb8 46.
Nc5 Rb6 47. Kg2 h6 48. Rb7 Rc6 49. Ne4 Ra6 50. c5 Ra2+ 51. Kf3 Rb2 52. b4 Rb3+
53. Kf2 Rb2+ 54. Ke1 Nd4 55. Kd1 g5 56. fxg5 hxg5 57. Nd6 Rc2 58. Rxf7+ Kg6 59.
Rf6+ Kh5 60. Nb5 Rc4 61. Nxd4 Rxd4+ 62. Kc2 Rxb4 63. Rf3 g4 64. hxg4+ Kxg4 65.
Rb3 Ra4 66. c6 Ra8 67. Kd3 Rc8 68. Rc3 Kf5 69. Kd4 Rd8+ 70. Kc5 Kxe5 71. Re3+
Kf5 72. c7 Ra8 73. Kd6 Ra6+ 74. Kd7 Ra7 75. Kc6 Ra8 76. Kb7 Re8 77. c8=Q Rxc8
78. Kxc8 e5 79. Kd7 Kf4 80. Re1 1-0